El caribe cimarrón y los corsarios de Cartagena en la época de la independencia / (Registro nro. 31064)
[ vista simple ]
| 000 -LEADER | |
|---|---|
| fixed length control field | 01058nam a22002657a 4500 |
| 003 - CONTROL NUMBER IDENTIFIER | |
| control field | OSt |
| 005 - DATE AND TIME OF LATEST TRANSACTION | |
| control field | 20250813090750.0 |
| 008 - FIXED-LENGTH DATA ELEMENTS--GENERAL INFORMATION | |
| fixed length control field | 250813t |||ab||| |||| 00| 0 spa d |
| 020 ## - INTERNATIONAL STANDARD BOOK NUMBER | |
| International Standard Book Number | 9789587895247 |
| 037 ## - SOURCE OF ACQUISITION | |
| Source of stock number/acquisition | Donación |
| 040 ## - CATALOGING SOURCE | |
| Original cataloging agency | CO-JMCR |
| Language of cataloging | spa |
| Transcribing agency | CO-JMCR |
| Modifying agency | CO-JMCR |
| Description conventions | rda |
| 041 1# - LANGUAGE CODE | |
| Language code of text/sound track or separate title | spa |
| Language code of original | eng |
| 082 ## - DEWEY DECIMAL CLASSIFICATION NUMBER | |
| Edition number | 23 |
| Classification number | 986.114 |
| Item number | P94c |
| 100 1# - MAIN ENTRY--PERSONAL NAME | |
| Personal name | Pérez Morales, Edgardo, |
| Relator term | autor. |
| 9 (RLIN) | 43771 |
| 245 13 - TITLE STATEMENT | |
| Title | El caribe cimarrón y los corsarios de Cartagena en la época de la independencia / |
| Statement of responsibility, etc. | Edgardo Pérez Morales ; traducción Santiago Restrepo. |
| 264 ## - PRODUCTION, PUBLICATION, DISTRIBUTION, MANUFACTURE, AND COPYRIGHT NOTICE | |
| Place of production, publication, distribution, manufacture | Barranquilla : |
| -- | Bogotá : |
| Name of producer, publisher, distributor, manufacturer | Editorial Universidad del Norte ; |
| -- | Banco de la República, |
| Date of production, publication, distribution, manufacture, or copyright notice | 2023. |
| 300 ## - PHYSICAL DESCRIPTION | |
| Extent | viii, 222 páginas : |
| Other physical details | ilustraciones, mapas ; |
| Dimensions | 24 cm. |
| 490 1# - SERIES STATEMENT | |
| Series statement | Bicentenario de una nación en el mundo |
| 500 ## - GENERAL NOTE | |
| General note | Incluye índice. |
| 504 ## - BIBLIOGRAPHY, ETC. NOTE | |
| Bibliography, etc. note | Incluye referencias bibliográficas: (páginas 202-207). |
| 650 24 - SUBJECT ADDED ENTRY--TOPICAL TERM | |
| Source of heading or term | JMCR |
| Topical term or geographic name entry element | Esclavitud |
| Geographic subdivision | Colombia |
| 9 (RLIN) | 40405 |
| 650 24 - SUBJECT ADDED ENTRY--TOPICAL TERM | |
| Source of heading or term | JMCR |
| Topical term or geographic name entry element | Independencia de Cartagena |
| 9 (RLIN) | 44265 |
| 700 1# - ADDED ENTRY--PERSONAL NAME | |
| Personal name | Restrepo, Santiago, |
| Relator term | traductor. |
| 9 (RLIN) | 44266 |
| 942 ## - ADDED ENTRY ELEMENTS (KOHA) | |
| Source of classification or shelving scheme | Dewey Decimal Classification |
| Koha item type | Books |
| Withdrawn status | Lost status | Source of classification or shelving scheme | Damaged status | Not for loan | Collection code | Home library | Current library | Shelving location | Date acquired | Source of acquisition | Total Checkouts | Full call number | Barcode | Date last seen | Copy number | Price effective from | Koha item type |
|---|---|---|---|---|---|---|---|---|---|---|---|---|---|---|---|---|---|
| Dewey Decimal Classification | Non-fiction | Biblioteca Pública José María del Castillo y Rada | Biblioteca Pública José María del Castillo y Rada | Book Cart | 07/12/2024 | Donación | 986.114 P94c | 201812267 | 08/13/2025 | Ej.1 | 08/13/2025 | Books |